La civilisation hellénistique

Bewaard in:
Bibliografische gegevens
Hoofdauteur: Tarn, W. W (Auteur)
Formaat: Boek
Taal:Frans
Gepubliceerd in: París Payot 1936
Reeks:Bibliothèque Historique
Onderwerpen:
Tags: Voeg label toe
Geen labels, Wees de eerste die dit record labelt!

MARC

LEADER 00000nam a2200000 a 4500
001 UCP9720
003 CL-VaPUC
008 000331e19360000FR |||||||||||||||||fre|d
082 0 4 |a 938.08  |b TAR  |2 21 
100 0 |a Tarn, W. W  |e author  |9 440481 
245 1 3 |a La civilisation hellénistique 
300 |a 350 p 
942 |c BK 
945 |d 20000331 00:00:00  |a rherrera 
260 |a París  |b Payot  |c 1936 
650 0 |a Historia antigua  |9 267521 
650 0 |a Helenismo  |9 267485 
650 0 |a Monarquía   |9 255259 
650 0 |a Ciudades  |9 265474 
650 7 |a LITERATURA GRIEGA  |2 CL-VaPUC  |9 258054 
650 0 |a Arte griego  |9 267884 
650 7 |a CIENCIA GRIEGA  |2 CL-VaPUC  |9 440440 
650 0 |a Filosofía griega  |9 265579 
650 0 |a Creencias religiosas   |9 373391 
651 0 |a Asia  |9 268338 
651 0 |a Egipto   |9 268199 
651 0 |a Grecia  |9 265314 
583 |a last modification  |c 20180417 03:20:22  |k Rodrigo Vera 
490 0 |a Bibliothèque Historique 
999 |c 286507  |d 286505 
952 |0 0  |1 0  |4 0  |6 938_080000000000000_TAR_1936  |7 0  |8 X  |9 332486  |a BIBHIS  |b BIBHIS  |d 2019-11-20  |i 1261193  |o 938.08 TAR 1936  |p 1261193  |r 2024-01-30  |w 2019-11-20  |y BK_X  |k HIS